Asiatische Länder mit den wenigsten Grenzen - Statistiken

Allgemein
  • Dieses Quiz wurde 174 mal gespielt
  • Das Durchschnittsergebnis liegt bei 10 aus 12
Antwortstatistiken
# Country % Korrekt
1 Südkorea
93%
0 Sri Lanka
91%
0 Japan
90%
0 Malediven
88%
0 Philippinen
83%
0 Singapur
81%
0 Taiwan
80%
0 Bahrain
79%
1 Osttimor
79%
1 Brunei
78%
1 Katar
74%
0 Zypern
57%
Keine übereinstimmenden Quizze gefunden
Verteilung der Resultate
Anzahl Personen mit jedem Resultat
Perzentil nach korrekt beantworteten Fragen
Ihre Resultats-Entwicklung
Sie haben dieses Quiz noch nicht gespielt